| 000 | 01032cam a2200325Ma 4500 | ||
|---|---|---|---|
| 001 | 10289347 | ||
| 003 | ARRUPE | ||
| 005 | 20140411134226.0 | ||
| 008 | 130211s2013 enkb b 001 0 eng d | ||
| 020 | _a9780713994278 (hardback) | ||
| 020 | _a0713994274 (hardback) | ||
| 024 | _a60001786440 | ||
| 035 | _a(OCoLC)ocn828848528 | ||
| 035 | _a(NNC)10289347 | ||
| 040 |
_aTOH _cTOH _dYDXCP _dNhCcYBP |
||
| 050 | 4 |
_aD208 _b.S544 2013 |
|
| 082 | 0 | 4 |
_a940.2 _223 |
| 100 | 1 |
_aSimms, Brendan. _99900 |
|
| 245 | 1 | 0 |
_aEurope : _bthe struggle for supremacy, 1453 to the present / _cBrendan Simms. |
| 260 |
_aLondon : _bAllen Lane, _c2013. |
||
| 300 |
_axxviii, 689 p. : _bmaps ; _c24 cm. |
||
| 504 | _aIncludes bibliographical references and index. | ||
| 651 | 0 |
_aEurope _xHistory _y1492- _99901 |
|
| 651 | 0 |
_aEurope _xHistory _y15th century. _99902 |
|
| 651 | 0 |
_aEurope _xHistory, Military. _99903 |
|
| 651 | 0 |
_aEurope _xPolitics and government. _99904 |
|
| 942 |
_2lcc _cMONOGRAPH |
||
| 948 | 1 |
_a20130611 _bc _crad1 _dMPS |
|
| 999 |
_c120414 _d120414 |
||